Open Data Biblioteca Nacional de Portugal


República Portuguesa: Ministério da Cultura
Biblioteca Nacional de Portugal

Catálogo da BNP: acesso por Identificadores Unívocos
Registos Bibliográficos associados ao registo de autoridade

Etiqueta de registo: 00254nam 2200025 450
001 2275828
003 http://id.bnportugal.gov.pt/bib/catbnp/2275828
010 ## $a978-989-54607-1-7
021 ## $aPT$b544466/25
100 ## $a20260304d2025 c y0pory01030103ba
101 0# $apor
102 ## $aPT
105 ## $aa z 000ay
106 ## $ar
200 1# $aOnde é que eu vim parar??$fAna Luísa Carrola, Ricardo Ferreira$gil. Vinícius Reis
210 #9 $a[S.l.$cs.n.],$d2025$e Aveiro :$gOfficina Digital)
215 ## $a113, [2] p.$cil.$d22 cm
225 2# $aManual de um pata tenra
675 ## $a087.5$vBN$zpor$3287999
675 ## $a821.134.3-93"20"$vBN$zpor$31046482
700 #1 $aCarrola,$bAna Luísa,$f1981-$31670045
701 #1 $95$aFerreira,$bRicardo$4070$31988950
702 #1 $aReis,$bVinícius$4440$31988951
801 #0 $aPT$bBN$gRPC
856 41 $uhttp://rnod.bnportugal.gov.pt/ImagesBN/winlibimg.aspx?skey=&doc=2275828&img=221043&save=true
900 ## $aBIBNAC$d20260409
966 ## $lBN$mFGMON$sP. 72460 V.$x1
966 ## $lBN$mFGMON$sP. 72460 V.-D$x1
971 ## $corlando$d20260304
972 ## $e0$z0$d20260409$vlrevez
973 ## $ctrodrigues$d20260402

OpendataBNP@bnportugal.pt | Mais informação sobre acesso aos dados BNP